000 00569nam a2200205Ia 4500
003 GCL
008 140319s9999 xx 000 0 eng d
040 _aGCL /
_cGCL
082 0 4 _a305.235
_bJ B
100 1 _aDONOVAN, JOHN EDORD
245 1 0 _aBEYOND ADOLESCENCE: PROBLEM BEHAVIOR AND YOUNG ADULT DEVELOPMENT /
_cDONOVAN, JOHN EDORD
700 1 _aJESSOR, RICHARD
260 _a[S.N] :
_bCAMBRIBGE UNIVERSITY PRESS ،
_c1991
300 _a312 P
650 0 4 _aBEHAVIOUR
650 0 4 _aYOUTH
650 0 4 _aYOUNG ADULTS
650 0 4 _aBEHAVIOURISM
942 _2ddc
_cBK
999 _c19524
_d19524